00809nam a2200253Ia 4500008004100000020001800041050001600059050001500075100001800090245003200108245004300140245002000183260001300203260001900216260000900235300002200244300002100266300001100287650001100298650005600309650005600365999001900421952011500440160319s9999 xx 000 0 und d a9789712726392 aFil 327.59  bA116p 2011 aAbad, M.C Jr. 4aThe Philippines in Asean :  breflections from the listening room /  cM. C. Abad, Jr. aManila : bAnvil Pub. Inc c2011 axiv, 165 pages :  billustrations ;  c23 cm. aASEAN. aPhilippines -- Foreign relations -- Southeast Asia. aSoutheast Asia -- Foreign relations -- Philippines. c292351d292351 001040aSSISBbSSISBcFILd2016-03-19l0oFil 327.59 A116p 2011pUS-1939r2016-03-19 00:00:00w2016-03-19yBK